| 000 | 00783nam a2200205 a 4500 | ||
|---|---|---|---|
| 008 | 060424s1997 ||||||||||||||||| || u | ||
| 020 | _a0935702423 | ||
| 020 | _a093570275X | ||
| 050 | _aQC 39 Tay | ||
| 100 | _aTaylor, John R | ||
| 245 | 1 | 3 | _aAn introduction to error analysis: the study of uncertainties in physical measurements. (2nd ed.) |
| 250 | _a2nd ed. | ||
| 260 |
_aSausalito: _bUniversity Science Books _c1997. |
||
| 300 | _axvii, 327 p. : ill. | ||
| 350 | _a0.00 | ||
| 650 | 0 | _aMATHEMATICS--HANDBOOKS, MANUALS, ETC | |
| 650 | _aERROR ANALYSIS(MATHEMATICS) | ||
| 650 | _aPHYSICAL MEASUREMENTS | ||
| 995 |
_D0.00 _FCBU-MAIN LIBRARY (Kitwe) _H1 _I0.00 _M1 _UAVAILABLE _WJun 6, 2006 _ZMain Library Open Access Collection |
||
| 999 |
_c47741 _d47741 |
||